| 000 | 00544nam a2200193Ia 4500 | ||
|---|---|---|---|
| 005 | 20250508154657.0 | ||
| 008 | 008 250505s9999 xx 000 0 eng d | ||
| 037 | _aTextual | ||
| 040 |
_aFEDL _beng _cFEDL |
||
| 041 |
_aeng _2eng |
||
| 084 |
_a954, SAS _qFEDL |
||
| 100 | _aNilkanta Sastri K A | ||
| 245 | 0 | _aIndia: A historical survey | |
| 260 |
_aBombay, India _bAllied Publishers Private Limited _c1966 |
||
| 300 | _a251p | ||
| 700 |
_a Srinivasachari G _9765844 |
||
| 942 |
_cTEXL _h954, SAS |
||
| 999 |
_c1351552 _d1351552 |
||